A new look at modern Indian history : (Record no. 9231)

MARC details
000 -LEADER
fixed length control field 00585cam a2200217ua 4500
001 - CONTROL NUMBER
control field 10244
005 - DATE AND TIME OF LATEST TRANSACTION
control field 20260515114609.0
008 - FIXED-LENGTH DATA ELEMENTS--GENERAL INFORMATION
fixed length control field 171107n ii |||gr||||Z||||||eng
020 ## - INTERNATIONAL STANDARD BOOK NUMBER
International Standard Book Number 9788121905329
040 ## - CATALOGING SOURCE
Transcribing agency MAIN
041 ## - LANGUAGE CODE
Language code of text/sound track or separate title eng
082 ## - DEWEY DECIMAL CLASSIFICATION NUMBER
Classification number 954
100 ## - MAIN ENTRY--PERSONAL NAME
Personal name Grover, B.L.,
Relator term Author.
245 ## - TITLE STATEMENT
Title A new look at modern Indian history :
Remainder of title from 1707 to the modern times /
Statement of responsibility, etc. By B.L. Grover and Alka Mehta .
250 ## - EDITION STATEMENT
Edition statement 31st ed.
260 ## - PUBLICATION, DISTRIBUTION, ETC.
Place of publication, distribution, etc. New Delhi:
Name of publisher, distributor, etc. S Chand,
Date of publication, distribution, etc. 2015.
300 ## - PHYSICAL DESCRIPTION
Extent 582p.
653 ## - INDEX TERM--UNCONTROLLED
Uncontrolled term South Asia India
700 ## - ADDED ENTRY--PERSONAL NAME
Personal name Mehta, Alka,
Relator term Author.
942 ## - ADDED ENTRY ELEMENTS (KOHA)
Koha item type Books
Holdings
Withdrawn status Lost status Damaged status Not for loan Home library Current library Shelving location Date acquired Total checkouts Full call number Barcode Date last seen Date last checked out Copy number Price effective from Koha item type
        Naharkatiya College Library Naharkatiya College Library General stacks 09/19/2020 4 954 | GRO 23993 03/12/2024 02/26/2024 1 09/19/2020 Books